| 000 | 01016nam a2200241 a 4500 | ||
|---|---|---|---|
| 001 | 000006226 | ||
| 003 | DO-SdBNP | ||
| 005 | 20250515090447.0 | ||
| 008 | 090827s1981 dr c 000 0 spa d | ||
| 040 |
_aDO-SdBNP _bspa _cBNPHU |
||
| 082 | 4 |
_a338.197293 _bS612a _222 |
|
| 111 | 2 |
_aSimposio Día Nacional de la Alimentación _d(1981 : _cSanto Domingo ) _917409 |
|
| 245 | 1 | 3 |
_aLa alimentación dominicana en los próximos 20 años : _bponencias y opiniones. |
| 260 |
_aSanto Domingo : _bFAO, _bSEA, _c1981. |
||
| 300 |
_a331 p. : _bretrs. ; _c23 cm. |
||
| 500 | _aIncluye referencias bibliográficas y notas al pie de las páginas | ||
| 590 | _aIInventariado,2018/DG | ||
| 650 | 0 |
_aAbastecimiento de alimentos _zREPÚBLICA DOMINICANA _xCONGRESOS, CONFERENCIAS, ETC _95254 |
|
| 710 | 2 | 2 |
_aOrganización de las Naciones Unidas para Alimentaciónla y la Agricultura _917411 |
| 710 | 2 | 2 |
_aRepública Dominicana. Secretaría de Estado de Agricultura _916446 |
| 910 | _aValidado. Control de calidad MFF | ||
| 942 |
_2ddc _cLBS1 |
||
| 999 |
_c6021 _d6021 |
||